Equipos Tercera Federación 24/25 - Estadísticas

Estadísticas generales
  • Esta prueba ha sido intentada 55 veces
  • La puntuación promedio es 77 de 324
Estadísticas de respuestas
Respuesta % Correcto
Alaves C
97%
Eibar C
97%
Sevilla C
97%
Villarreal C
97%
Aguilas B
87%
Alcorcon B
87%
Calahorra B
87%
Cartagena B
87%
Castellon B
87%
Ceuta B
87%
Cordoba B
87%
Europa B
87%
Girona B
87%
Huesca B
87%
Leganes B
87%
Logroñes B
87%
Lugo B
87%
Mirandes B
87%
Rayo Vallecano B
87%
Sabadell B
87%
UCAM Murcia B
87%
Manchego Ciudad Real
56%
Toledo
54%
Las Palmas Atletico
51%
Mancha Real
51%
Palencia Cristo Atletico
51%
Vilassar de Mar
51%
Sporting Atletico
49%
Haro Deportivo
46%
Peña Sport
46%
Portugalete
46%
Reus
46%
Torre del Mar
46%
Gran Peña
44%
Real Jaen
44%
Atletico Tordesillas
41%
Caudal Deportivo
41%
Manresa
41%
Torrejon
41%
Arandina
38%
Laguna
38%
Palencia
38%
Parla
38%
Real Oviedo Vetusta
38%
RSD Alcala
38%
UD San Fernando
38%
Arosa
36%
Atletic Lleida
36%
Badajoz
36%
Badalona
36%
Benidorm
36%
Ciudad Rodrigo
36%
Leioa
36%
Mutilvera
36%
Naxara
36%
Ourense
36%
Atletico Astorga
33%
Covadonga
33%
Formentera
33%
Galapagar
33%
L'Hospitalet
33%
Manacor
33%
Mensajero
33%
Naval
33%
Poblense
33%
River Ebro
33%
Utrera
33%
Basconia
31%
Cala Pozuelo
31%
CS Puertollano
31%
Ebro
31%
Extremadura
31%
Lanzarote
31%
Lealtad Villaviciosa
31%
Llerenense
31%
Quintanar del Rey
31%
San Roque de Lepe
31%
Valle de Egues
31%
Yugo Socuellamos
31%
Andorra
28%
Ciudad de Lucena
28%
Diocesano
28%
La Nucia
28%
Montijo
28%
Motril
28%
Ontinyent
28%
Poli Almeria
28%
Siete Villas
28%
Tres Cantos
28%
Almazan
26%
Arnedo
26%
Atletico Albacete
26%
Atletico Arteixo
26%
Atletico Bembibre
26%
Atletico Saguntino
26%
Azuqueca
26%
Brea
26%
Cayon
26%
Cerdanyola
26%
Cieza
26%
Jupiter Leones
26%
Las Rozas
26%
Panaderia Pulido
26%
Peralada
26%
Poli Ejido
26%
Puebla de la Calzada
26%
RC Villalbes
26%
Roda
26%
Salerm Puente Genil
26%
Sarriana
26%
Atletico Monzon
23%
Beasain
23%
Betanzos
23%
Canillas
23%
Caspe
23%
Ceares
23%
Grama
23%
La Palma
23%
Lorca Deportiva
23%
Prat
23%
Roces
23%
San Cristobal
23%
San Juan
23%
Somozas
23%
Tamaraceite
23%
Torredonjimeno
23%
Trival Valderas
23%
Trujillo
23%
Villarrobledo
23%
Alcantarilla
21%
Arenas de Armilla
21%
Atletico Levante
21%
Atletico Malagueño
21%
Atletico Mansilles
21%
Atletico Mineros
21%
Aviles Stadium
21%
Azuaga
21%
Binefar
21%
Carabanchel
21%
Casalarreina
21%
CD Pamplona
21%
Coria
21%
Durango
21%
El Alamo
21%
El Palo
21%
Huetor Tajar
21%
L'Entregu
21%
Mexico FC
21%
Mollerussa
21%
SAD Villaverde
21%
Samano
21%
Tarancon
21%
Tropezon
21%
Alcudia
18%
Ardoi
18%
Arroyo
18%
Atzeneta
18%
Briviesca
18%
Castellonense
18%
Castro
18%
Inter Sevilla
18%
Jerez
18%
Malaga City
18%
Marino
18%
Mosconia
18%
Noia
18%
Pedroñeras
18%
Santa Marta
18%
Tona
18%
Valdepeñas
18%
Varea
18%
Villalba
18%
Almudevar
15%
Becerril
15%
Belchite 97
15%
Berceo
15%
Beti Onak
15%
Caravaca
15%
Castuera
15%
Cirbonero
15%
Huetor Vega
15%
La Calzada
15%
L'Escala
15%
Marchamalo
15%
Martos
15%
Olivenza
15%
Real Murcia Imperial
15%
Santomera
15%
Santurtzi
15%
Torrellano AC
15%
Utiel
15%
Villacañas
15%
Villarrubia
15%
Zuera
15%
Alondras
13%
Atletico Albericia
13%
Atletico Porcuna
13%
Autol
13%
Beti Kozkor
13%
Bullense
13%
Cartaya
13%
Cazalegas
13%
Colindres
13%
Comillas
13%
Conil
13%
Constancia
13%
Crevillente
13%
El Palmar
13%
Estradense
13%
Estrella
13%
Fraga
13%
Huracan de Balazote
13%
Manzanares
13%
Montañesa
13%
Monte
13%
Moralo
13%
Pasaia
13%
Patacona
13%
Penya Independent
13%
Platges de Calvia
13%
Plus Ultra
13%
Porreres
13%
Tamarite
13%
Torreperogil
13%
Tuilla
13%
Union Molinense
13%
Valladares
13%
Villafranca
13%
Villalonga
13%
Villa Santa Brigida
13%
Yague
13%
Arucas
10%
Atletico Onubense
10%
Atletico Pulpileño
10%
Bala Azul
10%
Boiro
10%
Burlades
10%
Club Atletico Central
10%
Cortes
10%
Deportivo Maritimo
10%
El San Martin
10%
Fuentes
10%
Gama
10%
Gares
10%
Guarnizo
10%
Jaraiz
10%
Jove Español
10%
La Almunia
10%
Lagun Onak
10%
La Virgen del Camino
10%
Llosetense
10%
Marbelli
10%
Mijas Las Lagunas
10%
Minerva
10%
Mojados
10%
Muleño
10%
Noblejas
10%
Peña Balsamaiso
10%
Portmany
10%
Revilla
10%
Santanyi
10%
San Viator
10%
Tomares
10%
Touring
10%
Txantrea
10%
Union Viera
10%
Urduliz
10%
Utrillas
10%
Vall de Uxo
10%
Viveiro
10%
Agoncillo
8%
Aravaca
8%
Artajones
8%
Atletico Espeleño
8%
Barbadas
8%
Barquereño
8%
Bidezarra
8%
Calamocha
8%
Campos
8%
Condal
8%
Lenense
8%
Llanos Aridane
8%
Migjorn
8%
Oyonesa
8%
Padura
8%
Pozoblanco
8%
Praviano
8%
Rayo Ibense
8%
Rotxapea
8%
San Bartolome
8%
San Miguel
8%
Santa Ursula
8%
Sant Jordi
8%
Silva
8%
Soneja
8%
Urraca
8%
Villaralbo
8%
Aretxabaleta
5%
Barreda Balompie
5%
Bezana
5%
Binissalem
5%
Bollullos
5%
Buzanada
5%
Cantolagua
5%
Collerense
5%
Colunga
5%
Cuarte
5%
Derio
5%
Deusto
5%
Felanitx
5%
Herbania
5%
Huarte
5%
Ibarra
5%
Pueblonuevo
5%
Real Titánico
5%
Santa Amalia
5%
Vianes
5%
Vimenor
5%
Calamonte
3%
Epila
3%
San Ignacio
3%
Tedeon
3%
Torina
3%
Mercadal
0%
No se encontraron pruebas coincidentes
Distribución de puntuación
Porcentaje de gente con cada puntuación
Porcentaje por número respondido
Historial de tus puntuaciones
No has intentado esta prueba.